| 000 | 00816nam a22001937a 4500 | ||
|---|---|---|---|
| 003 | OSt | ||
| 005 | 20240826102157.0 | ||
| 008 | 240826b ||||| |||| 00| 0 eng d | ||
| 040 | _cAIMIT LIBRARY | ||
| 100 |
_aRanson Dsouza, Akshay. _e2216010 _9177905 |
||
| 245 |
_aStudy on the influence on employee perception of organizational culture and leadership style and its impact on organizational commitment at the ocean pearl Mangalore / _cBy Akshay Ranson Dsouza ; Guided by Rajani Suresh. |
||
| 260 |
_aMangaluru ; _c2024. |
||
| 650 |
_aLiterature review objectives and conceptual framework _9177906 |
||
| 650 |
_aData analysis and interpretation _9177907 |
||
| 650 |
_aResearch methodology _9177908 |
||
| 700 |
_aSuresh, Rajani. _e2216010 _9177909 |
||
| 856 |
_3Ocean Pearl _uwww.theoceanpearl.in |
||
| 942 |
_2ddc _cPRO |
||
| 999 |
_c231586 _d231586 |
||